Catálogo

NUESTRA TRANSFORMACION EN CRISTO (Registro nro. 16841)

Detalles MARC
000 -LEADER
fixed length control field 00516nam a2200193 a 4500
001 - CONTROL NUMBER
control field 16841
005 - DATE AND TIME OF LATEST TRANSACTION
control field 20180713205900.0
008 - FIXED-LENGTH DATA ELEMENTS--GENERAL INFORMATION
fixed length control field 140415s1956 sp 000 0 spa d
041 ## - LANGUAGE CODE
Language code of text/sound track or separate title spa
082 ## - DEWEY DECIMAL CLASSIFICATION NUMBER
Classification number 248.4
Item number HIL
100 1# - MAIN ENTRY--PERSONAL NAME
Personal name HILDEBRANS, DIETRICH VON
245 10 - TITLE STATEMENT
Title NUESTRA TRANSFORMACION EN CRISTO
250 ## - EDITION STATEMENT
Edition statement 2a ed.
260 ## - PUBLICATION, DISTRIBUTION, ETC.
Place of publication, distribution, etc. ESPAÑA :
Name of publisher, distributor, etc. RIALP,
Date of publication, distribution, etc. 1956
300 ## - PHYSICAL DESCRIPTION
Extent 2
490 ## - SERIES STATEMENT
Series statement PATMOS LIBROS DE ESPIRITUALIDAD
650 14 - SUBJECT ADDED ENTRY--TOPICAL TERM
Topical term or geographic name entry element VIDA CRISTIANA
700 1# - ADDED ENTRY--PERSONAL NAME
Personal name BOFILL Y FERRO, JAIME
Relator term tr.
Existencias
Withdrawn status Lost status Source of classification or shelving scheme Damaged status Not for loan Collection code Home library Current library Shelving location Date acquired Source of acquisition Inventory number Total Checkouts Full call number Barcode Date last seen Price effective from Koha item type Date last checked out
    Dewey Decimal Classification     General Biblioteca Karol Wojtyla Biblioteca Karol Wojtyla Sala general 03/12/2013 Compra 151000000000000000056506   248.4 HIL 34813 05/01/2026 03/12/2013 Libro  
    Dewey Decimal Classification     General Biblioteca Karol Wojtyla Biblioteca Karol Wojtyla Sala general 03/12/2013 Compra 151000000000000000056505 1 248.4 HIL 34812 05/01/2026 03/12/2013 Libro 28/09/2024